000
00310nam a2200133Ia 4500
005
20251222151332.0
008
251222s9999||||xx |||||||||||||| ||spa||
082
_a
861/O64
100
_a
Orellana, Carlos
245
0
_a
Los Simulacros de Venus
250
_a
1ra.ed.
264
_b
Lluvia Editores
942
_c
LIB
999
_c
24132
_d
24132